La democracia costarricense y el combate a la corrupción: lecciones para El Salvador
Zapisane w:
| Format: | Texto |
|---|---|
| Etykiety: |
Dodaj etykietę
Nie ma etykietki, Dołącz pierwszą etykiete!
|
MARC
| LEADER | 00000 a a2200000 04500 | ||
|---|---|---|---|
| 001 | 42569 | ||
| 003 | |||
| 040 | |||
| 245 | |a La democracia costarricense y el combate a la corrupción: |b lecciones para El Salvador | ||
| 773 | |g volumen25, número1119 ( , 2004), páginas 11-13 | ||
| 999 | |c 30824 |d 30824 | ||
